Sổ tay công nhân xây dựng

Gorde:
Xehetasun bibliografikoak
Egile nagusia: Lê ứng Tường
Formatua: Liburua
Hizkuntza:Undetermined
Argitaratua: Hà Nội KHKT 1977
Gaiak:
Etiketak: Etiketa erantsi
Etiketarik gabe, Izan zaitez lehena erregistro honi etiketa jartzen!
Thư viện lưu trữ: Trung tâm Học liệu Trường Đại học Cần Thơ
LEADER 00536nam a2200181Ia 4500
001 CTU_11821
008 210402s9999 xx 000 0 und d
082 |a 690.02 
082 |b T561 
100 |a Lê ứng Tường 
245 0 |a Sổ tay công nhân xây dựng 
245 0 |c Lê ứng Tường, Phạm Đức Ký 
260 |a Hà Nội 
260 |b KHKT 
260 |c 1977 
650 |a buildings 
904 |i Nguyễn Quang Điền, 960601 
980 |a Trung tâm Học liệu Trường Đại học Cần Thơ